000 00329nam a22001337a 4500
008 210303b ||||| |||| 00| 0 eng d
020 _a9780323035620
041 _aeng
080 _27th
_a61
100 _a4
101 _aSHM
245 _aMosby's Dictionary of Medicine,Nursing and Health Professions
_cMOSBY
942 _2udc
_cBK
999 _c55622
_d55622